000 02037cam a22004574i 4500
003 PE-LiUPU
005 20250731173337.0
008 150706s2007 miu r 000 0 eng d
020 _a9780801026683
035 _a(Sirsi) i9780801026683
040 _aPE-LiUPU
_bspa
_cPE-LiUPU
_erda
049 _aPRUA
082 0 4 _a226.6077
_bB64
_221
100 1 _aBock, Darrell L.,
_eautor.
245 1 0 _aActs /
_cDarrell L. Bock.
264 1 _aGrand Rapids, Michigan :
_bBaker Academic,
_c2007.
300 _a849 páginas ;
_c24 centímetros
336 _atext
_2rdacontent
337 _aunmediated
_2rdamedia
338 _avolume
_2rdacarrier
505 0 _aJesus ascends to the Father and gives a mission (1:1-11) -- The early church in Jerusalem (1:12-6:7) -- Persecution in Jerusalem moves the message to Judea and Samaria as a new witness emerges (6:8-9:31) -- The Gospel to the Gentiles and more persecution in Jerusalem (9:32-12:25) -- The mission from Antioch and the full incorporation of Gentiles (13:1-15:35) -- The second and third missionary journeys : expansion to Greece and consolidation amid opposition (15:36-21:16) -- The arrest : the message is defended and reaches Rome (21:17-28:31).
526 _aSEG42
526 _aSEG41
526 _aSEG40
526 _aSEG39
526 _aP94
526 _aP87
526 _aP86
526 _aP85
526 _aP77
526 _aP76
526 _aP35
541 _g20081126230934D47324;
630 0 4 _aBiblia.
_pN.T.
_pHechos
_vComentarios.
910 _agl
_bjv
_clch
_d20090814
942 _2ddc
_cBOOK
949 _a226.6077 B64
_wDEWEY
_c1
_i59825
_lCCODEBUL1
_mBUL
_p50.00
_r0
_sY
_tBOOK
_u2015-7-6
_xTEOLOGIA
_PP85
_0COMPRA
_o.STAFF. Colección Teología
994 _aC0
_bPEPRU
596 _a1
999 _a226.6077 B64
_wDEWEY
_c49358
_i59825
_d49358
_f2021-11-9
_g6
_lCCODEBUL1
_mBUL
_p50.00
_q6
_r0
_sY
_tBOOK
_u2015-7-6
_xTEOLOGIA
_PP85
_0COMPRA
_o.STAFF. Colección Teología
980 _81
_gALBERTO SANCHEZ Responsable de Automatización